Breves observaciones al libro del señor doctor Anibal Galindo titulado "Estudios economicos y fiscales" / (Record no. 160672)

MARC details
000 -LEADER
campo de control de longitud fija 00633nam a22001695i 4500
001 - NÚMERO DE CONTROL
campo de control 160672
003 - IDENTIFICADOR DE NÚMERO DE CONTROL
campo de control ES-MaACL
005 - FECHA Y HORA DE LA ÚLTIMA TRANSACCIÓN
campo de control 20230906212113.0
008 - DATOS DE LONGITUD FIJA--INFORMACIÓN GENERAL
campo de control de longitud fija 041014s1883 ck |||| | spa d
040 ## - FUENTE DE CATALOGACIÓN
Centro catalogador/agencia de origen CAM
Lengua de catalogación spa
Centro/agencia transcriptor CAM
100 1# - ENTRADA PRINCIPAL--NOMBRE DE PERSONA
Nombre de persona Nieto, Clemente.
9 (RLIN) 130483
245 10 - MENCIÓN DEL TÍTULO
Título Breves observaciones al libro del señor doctor Anibal Galindo titulado "Estudios economicos y fiscales" /
Mención de responsabilidad, etc. hechas por Clemente Nieto.
260 ## - PUBLICACIÓN, DISTRIBUCIÓN, ETC.
Lugar de publicación, distribución, etc. Bogota :
Nombre del editor, distribuidor, etc. [s.n.],
Fecha de publicación, distribución, etc. 1883.
300 ## - DESCRIPCIÓN FÍSICA
Extensión 39 p. ;
Dimensiones 23 cm.
600 04 - PUNTO DE ACCESO ADICIONAL DE MATERIA--NOMBRE DE PERSONA
Nombre de persona Galindo, Aníbal.
9 (RLIN) 53428
852 ## - LOCALIZACIÓN
Ubicación ES-MaACL
Número de control de estantería T-352-F-16
Nota libre -- Enc. hol.
condición física -- Falto de la cub. original
Nota libre -- Enc. en un vol. facticio
Holdings
Estatus retirado Estado de pérdida Estado de daño No para préstamo Colección Biblioteca de origen Biblioteca actual Ubicación en estantería Fecha de adquisición Total de préstamos Signatura topográfica completa Código de barras Visto por última vez Precio de reemplazo Tipo de ítem Koha
        Colección de folletos Biblioteca del Ateneo de Madrid Biblioteca del Ateneo de Madrid Depósito folletos 17/01/2008   T-352-F-16 1168233 23/02/2023 23/02/2023 Folleto